00554nam a2200169Ia 4500003000900000008004100009040001600050080001700066100001900083245010900102260003900211300002300250490004000273650004100313650001900354650001100373IN-BaIIA211028s9999 xx 000 0 eng d cIIA Library a535.8bCON-2 aConrady, A. E. 0aApplied optics and optional designbpt. 2c A. E. Conrady  aNew YorkbDover Publicationsc1960 a[various pagings.] aDover books on physics, engineering aAstronomy and astrophysics thesaurus aOptical design aOptics